Dracula /
When Jonathan Harker visits Transylvania to help Count Dracula with the purchase of a London house, he makes a series of horrific discoveries about his client. Soon afterwards, various bizarre incidents unfold in England: an apparently unmanned ship is wrecked off the coast of Whitby; a young woman...
Uloženo v:
| Hlavní autor: | |
|---|---|
| Médium: | E-kniha |
| Jazyk: | Czech |
| Vydáno: |
Praha :
Saga Egmont,
2021
|
| Tagy: |
Žádné tagy |
| LEADER | 01535nam a22002297i 4500 | ||
|---|---|---|---|
| 001 | 312064 | ||
| 007 | ta | ||
| 008 | 260601s2021 xr ||||| |||| 00| 0 cze d | ||
| 020 | |a 9990003849489 | ||
| 044 | |a xr | ||
| 100 | 1 | |a Stoker, Bram |4 aut | |
| 245 | 1 | 0 | |a Dracula / |c Stoker, Bram |
| 264 | 1 | |a Praha : |b Saga Egmont, |c 2021 | |
| 300 | |a 1 online zdroj (217 stran) | ||
| 336 | |a text |b txt |2 rdacontent | ||
| 337 | |a bez média |b n |2 rdamedia | ||
| 338 | |a online zdroj |b cr |2 rdacarrier | ||
| 520 | 2 | |a When Jonathan Harker visits Transylvania to help Count Dracula with the purchase of a London house, he makes a series of horrific discoveries about his client. Soon afterwards, various bizarre incidents unfold in England: an apparently unmanned ship is wrecked off the coast of Whitby; a young woman discovers strange puncture marks on her neck; and the inmate of a lunatic asylum raves about the 'Master' and his imminent arrival.In Dracula, Bram Stoker created one of the great masterpieces of the horror genre, brilliantly evoking a nightmare world of vampires and vampire hunters and also illuminating the dark corners of Victorian sexuality and desire. | |
| 910 | |a RBIT002 | ||
| 998 | |d 384948 |a https://core.palmknihy.cz/api/books/384948/cover?s0m46s |b https://core.palmknihy.cz/api/books/384948/cover/400?s0m46s |c https://core.palmknihy.cz/api/books/384948/cover/50?s0m46s |e |g 217 |i 9990003849489 |j https://core.palmknihy.cz/api/books/384948/preview.epub |l |q 49 |r 1 |s https://www.palmknihy.cz/kniha/384948 |t ebook |y 2021 |z 1 | ||
| 999 | |d 312062 | ||